000 00361nam a2200157Ia 4500
003 OSt
005 20231211072046.0
008 170524s9999 xx 000 0 und d
020 _a81-261-0437-6
040 _cIIMT UNIVERSITY
100 _aSethi - Praveen
245 0 _aHand Book of Modern Tourism
260 _bAnmol Pub.
260 _c1999
942 _2ddc
_c02
999 _c6736
_d6736